Swami Vivekananda in Delhi: (Record no. 209047)

MARC details
000 -LEADER
fixed length control field 00611nam a22001937a 4500
005 - DATE AND TIME OF LATEST TRANSACTION
control field 20250214124153.0
010 ## - LCCN (DPL NO)
LC control number ENG-143801
020 ## - INTERNATIONAL STANDARD BOOK NUMBER
International Standard Book Number 9789391706043
Terms of availability 125.00
035 ## - SYSTEM CONTROL NUMBER
System control number EN-127333
037 ## - SOURCE OF ACQUISITION
Source of stock number/acquisition DBAD
082 ## - DEWEY DECIMAL CLASSIFICATION NUMBER
Classification number 181.499
100 ## - MAIN ENTRY--PERSONAL NAME
Personal name Adipurushananda
245 ## - TITLE STATEMENT
Title Swami Vivekananda in Delhi:
Remainder of title A Picture of a Ground Reality/
Statement of responsibility, etc By Adipurushananda
250 ## - EDITION STATEMENT
Edition statement 1
260 ## - PUBLICATION, DISTRIBUTION, ETC. (IMPRINT)
Place of publication, distribution, etc Kolkata
Name of publisher, distributor, etc Ramakrishna Mission Institure of Culture
Date of publication, distribution, etc 2021
270 ## - ADDRESS
Address Ramakrishna Mission Institure of Culture
City Kolkata
Postal code 700023
300 ## - PHYSICAL DESCRIPTION
Extent 82p.
Dimensions 22cm(hb)
942 ## - ADDED ENTRY ELEMENTS (KOHA)
Source of classification or shelving scheme Dewey Decimal Classification
Item type English Books
Classification part 181.499
Call number prefix ADI
Holdings
Withdrawn status Lost status Not for loan Collection code Home library Current library Date acquired Source of acquisition Cost, normal purchase price Full call number Barcode Copy number Cost, replacement price Koha item type
    Not For Loan Reference Central Library Central Library 14/02/2025 Delivery of Books Act Division 125.00 181.499 EN-127333 1 125.00 English Books

© Delhi Public Library
Hit Counter
free hit counter